000
00249nam a2200097Ia 4500
008
190216s9999||||xx |||||||||||||| ||und||
100
_a
Robert Cardwell
245
0
_a
Dravida Bhashaa Vyakaranam Part-2
260
_b
Kerala Bhasha Institute
942
_c
BK
999
_c
25445
_d
25445